История материализма и критика его значения в настоящем / (Record no. 428295)
[ view plain ]
| 000 -LEADER | |
|---|---|
| fixed length control field | 01319nam a2200253 a 4500 |
| 003 - CONTROL NUMBER IDENTIFIER | |
| control field | AM-YeHGA |
| 040 ## - CATALOGING SOURCE | |
| Original cataloging agency | AM-YeHGA |
| 090 ## - LOCALLY ASSIGNED LC-TYPE CALL NUMBER (OCLC); LOCAL CALL NUMBER (RLIN) | |
| -- | 430804 |
| 005 - DATE AND TIME OF LATEST TRANSACTION | |
| control field | 20250617155212.0 |
| 008 - FIXED-LENGTH DATA ELEMENTS--GENERAL INFORMATION | |
| fixed length control field | 070601s1900 ||||||||||||||||||||rus c |
| 041 1# - LANGUAGE CODE | |
| Language code of text/sound track or separate title | rus |
| Language code of original | ger |
| 100 1# - MAIN ENTRY--PERSONAL NAME | |
| Personal name | Ланге, Фридрих Альберт, |
| Dates associated with a name | 1828-1875 |
| 245 10 - TITLE STATEMENT | |
| Title | История материализма и критика его значения в настоящем / |
| Statement of responsibility, etc. | Ф.А. Ланге ; Пер. с 5-го нем. изд., под ред. и с предисл. Владимира Соловьева. |
| 260 ## - PUBLICATION, DISTRIBUTION, ETC. | |
| Place of publication, distribution, etc. | Киев ; |
| -- | Харьков : |
| Name of publisher, distributor, etc. | Юж.-Рус. кн. изд-во Ф.А. Югансона, |
| Date of publication, distribution, etc. | [1899]- |
| -- | 1900. |
| 300 ## - PHYSICAL DESCRIPTION | |
| Extent | Том ; |
| Dimensions | 24 см. |
| 505 10 - FORMATTED CONTENTS NOTE | |
| Miscellaneous information | Т. 1 (1899, XVI, 323 с.) : |
| Title | История материализма до Канта. |
| 505 10 - FORMATTED CONTENTS NOTE | |
| Miscellaneous information | Т. 2 (1900, XVI, 415 с.) : |
| Title | История материализма со времени Канта. |
| 600 14 - SUBJECT ADDED ENTRY--PERSONAL NAME | |
| Personal name | Кант, Иммануил, |
| Dates associated with a name | 1724-1804 |
| 650 14 - SUBJECT ADDED ENTRY--TOPICAL TERM | |
| Topical term or geographic name entry element | Философия |
| 650 14 - SUBJECT ADDED ENTRY--TOPICAL TERM | |
| Topical term or geographic name entry element | Марксизм-ленинизм |
| 650 14 - SUBJECT ADDED ENTRY--TOPICAL TERM | |
| Topical term or geographic name entry element | Диалектический и исторический материализм |
| 700 1# - ADDED ENTRY--PERSONAL NAME | |
| Personal name | Соловьев, Владимир Сергеевич, |
| Dates associated with a name | 1853-1900 |
| Relator term | авт. предисл. |
| Relationship | aui |
| Relator term | ред. |
| Relationship | edt |
| 942 ## - ADDED ENTRY ELEMENTS (KOHA) | |
| Source of classification or shelving scheme | Universal Decimal Classification |
| Koha item type | Գրքեր / Books |
| Withdrawn status | Lost status | Source of classification or shelving scheme | Damaged status | Not for loan | Collection | Home library | Current library | Date acquired | Serial enumeration / chronology | Total checkouts | Full call number | Barcode | Date last seen | Price effective from | Koha item type | Public note |
|---|---|---|---|---|---|---|---|---|---|---|---|---|---|---|---|---|
| Universal Decimal Classification | General | Fundamental Scientific Library | Fundamental Scientific Library | 25/03/2019 | Т. 2 | РД II/53231 | FL0566945 | 25/03/2019 | 25/03/2019 | Գրքեր / Books | 30 Days Loan |
ՀՀ Գիտությունների ազգային ակադեմիայի հիմնարար գիտական գրադարան = Fundamental Scientific Library of NAS RA
All site content, except where otherwise noted, is licensed under a